000 002600000a22000970004500
100 1 _aArias, Mórtimer
245 1 0 _aEl privilegio de sufrir con Cristo
300 _aVol. 6, Num 1 (Enero-Junio, 1986), Páginas 59-64
773 0 _tVida y pensamiento
942 _cANA
999 _c52761
_d52761